| 000 -LEADER |
| fixed length control field |
00637nam a22001577a 4500 |
| 005 - DATE AND TIME OF LATEST TRANSACTION |
| control field |
20231019113916.0 |
| 008 - FIXED-LENGTH DATA ELEMENTS--GENERAL INFORMATION |
| fixed length control field |
231019s1987 ru ||||| |||| 00| 0 rus d |
| 041 ## - LANGUAGE CODE |
| Language code of text/sound track or separate title |
rus |
| 080 ## - UNIVERSAL DECIMAL CLASSIFICATION NUMBER |
| Universal Decimal Classification number |
82-34(031) M-68 |
| 245 ## - TITLE STATEMENT |
| Title |
Мифы народов мира : |
| Remainder of title |
Энциклопедия: в 2-х т. Т. 1. / |
| Statement of responsibility, etc. |
Гл. ред. С. А. Токарев. |
| 264 ## - PRODUCTION, PUBLICATION, DISTRIBUTION, MANUFACTURE, AND COPYRIGHT NOTICE |
| Place of production, publication, distribution, manufacture |
М.: |
| Name of producer, publisher, distributor, manufacturer |
Советская энциклопедия, |
| Date of production, publication, distribution, manufacture, or copyright notice |
1987. |
| 300 ## - PHYSICAL DESCRIPTION |
| Extent |
671 с.: |
| Other physical details |
ил.; |
| Dimensions |
27 cm. |
| 653 ## - INDEX TERM--UNCONTROLLED |
| keyword |
მსოფლიოს ხალხების მითები |
| 700 ## - ADDED ENTRY--PERSONAL NAME |
| Personal name |
Токарев, С. А. |
| Relator term |
მთ. რედაქტორი |
| 9 (RLIN) |
20125 |
| 942 ## - ADDED ENTRY ELEMENTS (KOHA) |
| Source of classification or shelving scheme |
|
| Koha item type |
წიგნი |